000 00480nam a22001817a 4500
003 OSt
005 20241121114710.0
008 241121b |||||||| |||| 00| 0 eng d
040 _cMRSPTU
041 _aENG
082 _a307.1
_bSA-M
100 _aSandercock, Leonie
245 _aMaking the Invisible Visible : A Multicultural Planning History
260 _aEngland
_bUniversity of California Press
_c1998
300 _a270
650 _aArchitecture
942 _2ddc
_cBK
_n0
999 _c10471
_d10471